NBA Basketball Team Logos - One Minute Sprint - Statistics

General Stats
  • This quiz has been taken 31,718 times
  • The average score is 21 of 30
Answer Stats
Team % Correct
Bulls
100%
Lakers
98%
Celtics
97%
Spurs
97%
Warriors
95%
Heat
92%
Pacers
92%
Grizzlies
91%
Rockets
91%
Bucks
90%
Jazz
87%
Raptors
85%
Trail Blazers
85%
Kings
84%
Magic
82%
Timberwolves
68%
Hawks
67%
Nuggets
64%
Cavaliers
60%
Knicks
60%
76ers
55%
Mavericks
52%
Hornets
49%
Wizards
43%
Pelicans
40%
Suns
38%
Pistons
34%
Thunder
30%
Nets
29%
Clippers
24%
No matching quizzes found
Score Distribution
Percent of People with Each Score
Percentile by Number Answered
Your Score History
You have not taken this quiz